000 00502nam a22001817a 4500
999 _c4945
_d4945
003 GBCCL
005 20241126110530.0
008 180215b ||||| |||| 00| 0 eng d
020 _a0882439022
040 _cgbc
082 _a232
_bHOL
100 _aHolmes, George
_98973
245 _aHe is Lord:
_bWhat the Bible Says about Jesus Christ /
_cGeorge Holmes
260 _aSpringfield:
_bGospel Publishing House,
_c1977
300 _a128 p.;
_c18 cm.
650 _aJesus Christ
_95883
942 _2ddc
_cBK
_01